| 000 | 00937 a2200217 4500 | ||
|---|---|---|---|
| 020 | _a0887306411 | ||
| 020 | _a9780887306419 | ||
| 082 | 0 | 4 | _a332.6322 |
| 090 |
_c3093 _d3093 |
||
| 100 | 1 | _aLeeb, Stephen. | |
| 245 | 1 | 0 |
_aMarket timing for the nineties : _bthe five key signals for when to buy, hold, and sell / _cStephen Leeb. |
| 250 | _a1st ed. | ||
| 260 |
_a[S.l.] : _bHarpercollins, _c1993. |
||
| 300 |
_a256 p. ; _c24 cm. |
||
| 500 | _aHardcover. | ||
| 520 | _aIntroduces five specific indicators for evaluating the stock market that can be used by investors to assess financial possibilities in any economic environment. 25,000 first printing. $25,000 ad/promo. Tour. | ||
| 700 | 1 | _aConrad, Roger S. | |
| 856 | 4 | 0 |
_3Amazon.com _uhttp://www.amazon.com/exec/obidos/ASIN/0887306411/chopaconline-20 |
| 856 | 4 | 0 |
_3Amazon customer reviews _uhttp://www.chopac.org/cgi-bin/tools/azrev.pl?q=0887306411 |
| 942 |
_aNBS _cBK _k332.6322 LEE |
||
| 999 |
_c345582 _d345582 |
||